000 00722nam a2200229 a 4500
999 _c3281
_d3281
001 3281
003 BD-JhCC
005 20171112171530.0
008 171112s1985 bg |||| ||a| 000 0 ben d
035 _a(BD-JhCC)3281
040 _aBD-JhCC
_dBD-JhCC
041 _aben
082 _a323.33
_bROY 1985
100 _aরায়, অজয়
245 _aবাংলাদেশের কৃষক বিদ্রোহ /
_cঅজয় রায়
260 _aঢাকা :
_bবাংলা একাডেমী,
_c1985.
300 _a107 p. :
_c18 cm.
490 _aSeries in honour of the martyrs of the Language Movement of February 1952.
650 _aPeasant Revolt
942 _2ddc
_cBK